| 000 | 00516nam a2200217Ia 4500 | ||
|---|---|---|---|
| 008 | 170203s9999 xx 000 0 und d | ||
| 020 | _a9789812615817 | ||
| 050 | _a641.8654 | ||
| 050 | _b.S271c 2008 | ||
| 100 | _aSaw, Betty. | ||
| 245 | _aCookies & slices / | ||
| 245 | _cBetty Saw. | ||
| 260 | _aSingapore : | ||
| 260 | _bMarshall Cavendish Cuisine, | ||
| 260 | _c2008 | ||
| 300 | _a79 pages ; | ||
| 300 | _billustrations ; | ||
| 300 | _c17 cm. | ||
| 440 | _aMini cookbooks. | ||
| 650 | _acookies. | ||
| 999 |
_c305463 _d305463 |
||